Statistics for Famous Figures Birthplaces Quiz

Click here to take the quiz!

General Stats

  • This quiz has been taken 15 times
  • The average score is 13 of 25

Answer Stats

NameBirthplace% Correct
JesusBethlehem
92%
Napoleon BonaparteCorsica
83%
MohammadMecca
75%
CharlemagneFrance
67%
Albert EinsteinGermany
67%
PlatoAthens
58%
Elizabeth IEngland
58%
Charles DarwinEngland
58%
William ShakespeareEngland
58%
Isaac NewtonEngland
58%
Queen VictoriaEngland
58%
Henry VIIIEngland
58%
AristotleGreece
58%
Julius CaesarRome
58%
Joseph StalinRussia
58%
Abraham LincolnKentucky
50%
George WashingtonVirginia
50%
Thomas JeffersonVirginia
50%
Christopher ColumbusItaly
42%
Alexander the GreatMacedon
42%
Theodore RooseveltNew York
42%
Martin LutherHoly Roman Empire
33%
Wolfgang Amadeus MozartHoly Roman Empire
33%
Karl MarxPrussia
33%
Adolf HitlerBranau am Inn
0%

Score Distribution

Percentile by Number Answered

Percent of People with Each Score

Your Score History

You have not taken this quiz